MARC

LEADER 00000nam0a2200000 4500
001 63724
005 20231101212102.0
010 |a 5741803202 
035 |a (RuTPU)RU\TPU\book\67623 
090 |a 63724 
100 |a 20040519d2004 m y0rusy50 ca 
101 0 |a rus 
102 |a RU 
105 |a a j 001zy 
200 1 |a Управление безопасностью труда  |e учебное пособие  |f А. Н. Субботин 
210 |a М  |c Изд-во Московского горного ин-та  |d 2004 
215 |a 266 с.  |c ил. 
225 1 |a Высшее горное образование 
320 |a Библиогр.: с. 259-260. 
320 |a Глоссарий: с. 261-263. 
606 1 |a Технологические процессы  |x Безопасность  |2 stltpush  |3 (RuTPU)RU\TPU\subj\52443  |9 70879 
610 1 |a труд 
610 1 |a управление 
610 1 |a производственная безопасность 
610 1 |a охрана труда 
610 1 |a правовые основы 
610 1 |a нормативные основы 
610 1 |a социальное страхование 
610 1 |a персонал 
610 1 |a учебные пособия 
675 |a 658.345(075.8)  |v 3 
700 1 |a Субботин  |b А. Н.  |g Александр Иванович 
801 1 |a RU  |b 63413507  |c 20040519  |g PSBO 
801 2 |a RU  |b 63413507  |c 20141007  |g PSBO 
900 |a Безопасность жизнедеятельности... 
900 |a Горное дело 
942 |c BK 
951 |b 280100 
959 |a 64/20040519  |d 2  |e 0  |f ЧЗТЛ:2 
959 |a 172/20041209  |d 3  |e 270  |f АНЛ:1  |f ЧЗТЛ:2